000 02458cam a22005294i 4500
003 PE-LiUPU
005 20250731173439.0
008 150616s1950 xxu r 000 0 eng d
035 _a(Sirsi) a563
040 _aPE-LiUPU
_bspa
_cPE-LiUPU
_erda
049 _aPRUA
082 0 4 _a289.322
_bS61
_221
100 1 _aSmith, Joseph,
_eautor.
245 1 4 _aThe book of mormon /
_cCompilado por Joseph Smith.
264 1 _aUtah, U.S.A. :
_bThe church of Jesus christ of latter-day saints,
_c1950.
300 _a568 páginas ;
_c18 centímetros
336 _atext
_2rdacontent
337 _aunmediated
_2rdamedia
338 _avolume
_2rdacarrier
500 _aOtra edición: 1990 (Donada por Andrews University).
505 0 _aFirst book of Nephi -- Second book of Nephi -- Book of Jacob -- Book of Enos -- Book of Jarom -- Book of Omni -- The words of mormon -- Book of Mosiah -- Book of Alma -- Book of Helaman -- Third Nephi -- Book of mormon -- Book of Ether -- Book of Moroni.
526 _aSEG42
526 _aSEG41
526 _aSEG40
526 _aSEG39
526 _aP94
526 _aP87
526 _aP86
526 _aP85
526 _aP77
526 _aP76
526 _aP35
650 0 4 _aLibro de Mormón.
910 _ajck
_bjvq
_cjck
942 _2ddc
_cBOOK
949 _a289.322 S61
_wDEWEY
_c1
_i14413
_lCCODEBUL1
_mBUL
_p00.00
_r0
_sY
_tBOOK
_u2015-04-23
_xTEOLOGIA
_zUNKNOWN
_0COMPRA
_o.STAFF. Colección General
949 _a289.322 S6
_wDEWEY
_c2
_i49937
_lCCODEBUL1
_mBUL
_pdollar5
_r0
_sY
_tBOOK
_u19760915
_xTEOLOGIA
_PP35
_0COMPRA
_o.STAFF. Colección General
949 _a289.322 S61
_wDEWEY
_c3
_i34644
_lCCODEBUL1
_mBUL
_p00.00
_r0
_sY
_tBOOK
_u2015-04-23
_xTEOLOGIA
_zUNKNOWN
_0COMPRA
_o.STAFF. Colección General
994 _aC0
_bPEPRU
596 _a1
999 _a289.322 S61
_wDEWEY
_c56679
_i14413
_f2021-11-12
_g5
_lCCODEBUL1
_mBUL
_p5.00
_r0
_sY
_tBOOK
_u2015-4-23
_xTEOLOGIA
_PP35
_0COMPRA
_o.STAFF. Colección Teología
_d56679
999 _a289.322 S61
_wDEWEY
_c3
_i34644
_f2021-11-11
_g5
_lCCODEBUL1
_mBUL
_p5.00
_r0
_sY
_tBOOK
_u2015-4-23
_xTEOLOGIA
_PP35
_0COMPRA
_o.STAFF. Colección Teología
999 _a289.322 S6
_wDEWEY
_c2
_i49937
_f2021-11-11
_g5
_lCCODEBUL1
_mBUL
_p5.00
_r0
_sY
_tBOOK
_u2015-6-16
_xTEOLOGIA
_PP35
_0COMPRA
_o.STAFF. Colección Teología
980 _81
_gALBERTO SANCHEZ Responsable de Automatización